01949cam a2200385 a 450000100060000000300080000600500170001400800390003102000320007003500190010204000320012104100080015308200290016124501110019024600360030126000350033730000320037250000890040450002590049350000600075250001360081250000870094850400510103565000450108665100380113165100420116965100330121170000380124470000510128270000250133374000370135894200120139599900170140795201390142425401BD-RjUL20211209050856.0140318s1905 enka b 001 0 eng a9781904356196 (v. 5, pt. 2) a(BD-RjUL)25471 aDLCcDLCdDLCdBD-RjULbeng aeng00a942.25219bVIC V-9 193704aThe Victoria history of the county of Sussex /cedited by William Page.nVolume NinepThe rape of Hastings1 aHistory of the county of Sussex aLondon :bA. Constable,c1937. axv,279 p. :bill. ;c32 cm. aVol. 3, <4, 7, 9 > edited by: L.F. Salzman; v. 5, pt. 1, 6 edited by: T.P. Hudson. aVol. 3, <4, 7, 9 > have imprint: London, Published for the University of London Institute of Historical Research by the Oxford University Press; v. 5, pt, 1, 6 have imprint: Published for the Institute of Historical Research by Oxford University Press. a"Translation of the Sussex Domesday": v. 1, p. 387-451. aA history of the county of Sussex : index to volumes 1-4, 7, and 9 (144 p.) edited by Susan M. Keeling and C.P. Lewis, issued 1984. aVol. 5, pt. 1, pt. 2 [and] 6, pt. 3 have title: A history of the county of Sussex. aIncludes bibliographical references and index. 0aNatural historyzEnglandzSussex.978103 0aSussex (England)xHistory.978104 0aSussex (England)xAntiquities.978105 0aEnglandxAntiquities.9781061 aPage, William,d1861-1934.9781071 aSalzman, L. F.q(Louis Francis),d1878-9781081 aHudson, T. P.9781090 aHistory of the county of Sussex. 2ddccBK c25401d25401 00102ddc40728NFICaRUCLbRUCLcReadingd1955-08-23eO.U.Pg31.80l0o942.25 VIC V-9 1937r2014-03-18 00:00:00tC-1w2021-12-09yBK